Computer organization and embedded systems

Guardado en:
Detalles Bibliográficos
Otros Autores: Hamacher, V. Carl. 1963- 1945-
Formato: Libro
Lenguaje:English
Publicado: New York McGraw-Hill 2012
Edición:6th ed.
Materias:
Etiquetas: Agregar Etiqueta
Sin Etiquetas, Sea el primero en etiquetar este registro!
Thư viện lưu trữ: Mạng thư viện Đại học Đà Nẵng
LEADER 01217nam a2200349 4500
001 000023464
003 19915
005 20151210151252.0
008 151210s2012 engsd
020 |a 0073380652 (alk. paper)  |a 9780073380650 (alk. paper) 
041 0 |a eng 
082 1 4 |a 004.22  |b Com 
245 0 0 |a Computer organization and embedded systems  |c Carl Hamacher ... [et al.] 
250 |a 6th ed. 
260 |a New York  |b McGraw-Hill  |c 2012 
300 |a xx, 710 p.  |b ill. (some col.)  |c 24 cm. 
504 |a Includes bibliographical references and index 
650 0 |a Computer organization 
650 0 |a Embedded computer systems 
653 |a Tin học 
653 |a Cấu trúc máy tính 
700 1 |a Hamacher, V. Carl.  |d 1963-  |d 1945-  |q Pamela A. 
OWN |a LSP 
AVA |a UDN50  |b LSP  |d 004.22 Com  |e available  |t Error 5001 Not defined in file expand_doc_bib_avail.  |f 1  |g 0  |h N  |i 2  |k 1 
999 |a From the UDN01 
AVA |a UDN50  |b LSP  |d 004.22 Com  |e available  |t Error 5001 Not defined in file expand_doc_bib_avail.  |f 1  |g 0  |h N  |i 2  |k 1 
TYP |a Monograph 
TYP |a Printed language 
980 |a Mạng thư viện Đại học Đà Nẵng